Statystyki dla Piłkarska kariera Roberta Piresa.

Kliknij tutaj aby rozwiązać quiz!

Ogólne statystyki

  • Ten quiz został rozwiązany 26 razy
  • Średni wynik to 2 z 8

Statystyki odpowiedzi

LataDrużyna% Poprawnych
2000-2006Arsenal
100%
1998-2000Olympique Marsylia
50%
2006-2010Villarreal
41%
1992-1998Metz
36%
2010-2011Aston Villa
18%
2014-2015FC Goa
0%
2012-2012Manchester Howrah
0%
?-1992Stade Reims B
0%

Rozkład punktacji

Percentyl według liczby udzielonych odpowiedzi

Procent ludzi z każdym wynikiem

Twoja historia wyników

Nie rozwiązałeś tego quizu